Island to Sea - Statistics

General Stats
  • This quiz has been taken 9 times
  • The average score is 16 of 21
Answer Stats
Hint Answer % Correct
Sardinia Mediterranean Sea
100%
Malta Mediterranean Sea
100%
New Caledonia Pacific Ocean
100%
Severnaya Zemlya Arctic Ocean
86%
Baffin Island Arctic Ocean
86%
Madeira Atlantic Ocean
86%
Saaremaa Baltic Sea
86%
Åland Baltic Sea
86%
Gotland Baltic Sea
86%
Jamaica Carribbean Sea
86%
Phuket Indian Ocean
86%
Hawai'i Pacific Ocean
86%
Saint Helena Atlantic Ocean
71%
Newfoundland Atlantic Ocean
71%
Mayotte Indian Ocean
71%
Socotra Indian Ocean
71%
Mallorca Mediterranean Sea
71%
Saipan Pacific Ocean
71%
Jan Mayen Arctic Ocean
29%
Margarita Island Carribbean Sea
14%
Kerguelen Islands Indian Ocean
14%
No matching quizzes found
Score Distribution
Percent of People with Each Score
Percentile by Number Answered
Your Score History
You have not taken this quiz